01060 2200277 4500001002100000005001500021035002000036007000300056008004100059020001800100082001300118084001900131100002900150245005700179250002000236300002400256650002000280700003100300520030900331264003600640336002100676337003000697338002300727990001600750990001600766INLIS00000000000074820260512095024 a0010-0526000204ta260512 e f ind  a9876025406621 a899.2213 a899.2213 ALM u0 aAlma AridathaePengarang1 aUntied /cAlma Aridatha ; penyunting, Adelia Nurul F acetakan pertama a32 halaman ;c19 cm 4aFiksi Indonesia0 aAdelia Nurul FePenyunting aNovel ini mengisahkan dinamika hubungan antartokoh yang diwarnai konflik perasaan, pencarian jati diri, dan pergulatan emosional. Dengan gaya penulisan yang ringan dan dekat dengan kehidupan sehari-hari, cerita menghadirkan berbagai pengalaman tentang cinta, kehilangan, dan proses memahami diri sendiri. aJakarta :bJakarta,cRomancious 2rdacontentateks 2rdamediaatanpa perantara 2rdacarrieravolume aPP001447/19 aPP002062/19